Hoddom & Kinmount Estates v SoS for Scotland (Record no. 35925)

MARC details
000 -LEADER
fixed length control field 01665cab a2200229 4500
001 - CONTROL NUMBER
control field ABS46558
008 - FIXED-LENGTH DATA ELEMENTS--GENERAL INFORMATION
fixed length control field 090401t1992 xxu||||| |||| 00| 0 eng d
035 ## - SYSTEM CONTROL NUMBER
System control number (Sirsi) u58748
041 ## - LANGUAGE CODE
Language code of text/sound track or separate title eng
245 ## - TITLE STATEMENT
Title Hoddom & Kinmount Estates v SoS for Scotland
260 ## - PUBLICATION, DISTRIBUTION, ETC.
Date of publication, distribution, etc. 1992
350 ## - PRICE (NR) (BK AM CF MU VM SE) [OBSOLETE]
Price 0
490 ## - SERIES STATEMENT
Series statement Estates Gazette
Volume/sequential designation (1992) 22 EG 118-122(3)
520 ## - SUMMARY, ETC.
Summary, etc. LT for Scotland 28 October 1991. In 1981 it was intimated to the claimants, H, that a bypass was planned through part of their farm. At that time the property in question was operated as a dairy farm by J who had been the tenant for over 20 years. In September 1982 he gave notice of termination of the tenancy but remained in occupation of the farmhouse. He gave up the tenancy on the grounds that the dairy business would be disrupted by the construction of the bypass. H did not feel able to relet it for a year due to uncertainty about the road works but let it as grass parks from April to October from 1984. In April 1984 milk quotas were introduced but H did not register the farm as it was not operating as a dairy unit, therefore it was not allocated a milk quota. H has tried since to get a quota for the land but has failed. Since 1984 they had tried to re-establish it as a dairy farm but could not without a quota. They claimed that therefore the value of the farm has been significant
650 ## - SUBJECT ADDED ENTRY--TOPICAL TERM
Topical term or geographic name entry element DAIRY FARMS
650 ## - SUBJECT ADDED ENTRY--TOPICAL TERM
Topical term or geographic name entry element INJURIOUS AFFECTION
650 ## - SUBJECT ADDED ENTRY--TOPICAL TERM
Topical term or geographic name entry element LAND CLAUSES CONSOLIDATION (SCOTLAND) ACT 1845
650 ## - SUBJECT ADDED ENTRY--TOPICAL TERM
Topical term or geographic name entry element MILK QUOTAS
690 ## - LOCAL SUBJECT ADDED ENTRY--TOPICAL TERM (OCLC, RLIN)
Topical term or geographic name as entry element ENVIRONMENTAL AND LAND CONSULTANCY-PLANNING AND DEVELOPMENT-COMPULSORY PURCHASE AND COMPENSATION
942 ## - ADDED ENTRY ELEMENTS (KOHA)
Suppress in OPAC 0
948 ## - LOCAL PROCESSING INFORMATION (OCLC); SERIES PART DESIGNATOR (RLIN)
c (OCLC) 04/03/1997
Holdings
Withdrawn status Lost status Source of classification or shelving scheme Damaged status Not for loan Home library Current library Shelving location Date acquired Total Checkouts Full call number Barcode Date last seen Copy number Price effective from Koha item type
    Dewey Decimal Classification     London London Journal article 14/09/1999   ABS46558 58748-1001 06/08/2019 1 06/08/2019 Law report